[Event "DEM U16w 2004"]
[Site "Willingen GER"]
[Date "2004.05.30"]
[Round "2"]
[White "Tischer, Jana"]
[Black "Dauer, Christina"]
[Result "0-1"]
[Termination "normal"]
[Board "9"]
[WhiteElo "1721"]
[BlackElo "1563"]
[PlyCount "78"]
[WhiteFideId "24617164"]
[BlackFideId "24609781"]
[EventCountry "GER"]
[EventRounds "9"]
[EventType "swiss"]
[EventDate "2004.05.29"]

1. e4 e6 2. d4 d5 3. Nc3 dxe4 4. Nxe4 Nd7 5. Bd3 Ngf6 6. Qe2 c5 7. Nf3 Be7 8.
O-O O-O 9. Nxf6+ Nxf6 10. dxc5 Bxc5 11. Bg5 h6 12. Bh4 Be7 13. Rad1 Qa5 14. Bc4
a6 15. Nd4 Qb4 16. c3 Qc5 17. Rd2 b5 18. Bb3 e5 19. Nf3 g5 20. Bg3 e4 21. Ne5
a5 22. Rfd1 Bf5 23. h3 a4 24. Bd5 Rad8 25. Bxf7+ Kg7 26. Rxd8 Bxd8 27. Qd2 Bc7
28. Bd5 Rd8 29. Qd4 Rxd5 30. Qxc5 Rxc5 31. Ng4 Bxg3 32. Nxf6 Bxf2+ 33. Kxf2
Kxf6 34. Rd6+ Be6 35. Ke3 Ke5 36. Rd4 Bd5 37. a3 h5 38. Kf2 Rc7 39. Ke2 Rf7 0-1

[Event "DEM U16w 2004"]
[Site "Willingen GER"]
[Date "2004.05.30"]
[Round "2"]
[White "Gasch, Franziska"]
[Black "Albano Jeremias, Bianca"]
[Result "0-1"]
[Termination "normal"]
[Board "10"]
[WhiteElo "1656"]
[BlackElo "1694"]
[PlyCount "46"]
[WhiteFideId "24632139"]
[BlackFideId "24634247"]
[EventCountry "GER"]
[EventRounds "9"]
[EventType "swiss"]
[EventDate "2004.05.29"]

1. e4 e6 2. d4 d5 3. Nd2 c5 4. c3 Nc6 5. Ngf3 Nf6 6. e5 Nd7 7. Bd3 Qb6 8. Qa4
Be7 9. O-O O-O 10. Bb1 f5 11. exf6 Nxf6 12. dxc5 Bxc5 13. Nb3 Bd6 14. Qh4 e5
15. Ng5 e4 16. Be3 Qc7 17. g3 h6 18. Nh3 Ne5 19. Nd4 Bc5 20. Bf4 Bxd4 21. Bxe5
Bxe5 22. Kh1 Qd7 23. Ng1 Qg4 0-1

[Event "DEM U16w 2004"]
[Site "Willingen GER"]
[Date "2004.05.30"]
[Round "2"]
[White "Neldner, Uta"]
[Black "Donner, Lioba"]
[Result "1-0"]
[Termination "normal"]
[Board "11"]
[WhiteElo "1683"]
[BlackElo "1524"]
[PlyCount "143"]
[WhiteFideId "24604070"]
[EventCountry "GER"]
[EventRounds "9"]
[EventType "swiss"]
[EventDate "2004.05.29"]

1. d4 d5 2. Bg5 Bf5 3. Nf3 Nd7 4. e3 Ngf6 5. Nbd2 e6 6. c4 c6 7. Be2 Be7 8. O-O
O-O 9. Rc1 h6 10. Bf4 Rc8 11. h3 Ne4 12. Nxe4 Bxe4 13. Nh2 Nf6 14. Ng4 Nxg4 15.
Bxg4 Bd6 16. Bg3 Bxg3 17. fxg3 Qd6 18. Qe1 dxc4 19. Be2 b5 20. Kh2 a6 21. Qd2
Rfd8 22. Rf4 Bg6 23. Qc3 c5 24. Rd1 cxd4 25. Rfxd4 Qb6 26. Qa3 Rxd4 27. Rxd4
Rc5 28. Bf3 b4 29. Qa4 Rc8 30. Qd7 Rf8 31. Rxc4 Qxe3 32. Rxb4 Qd3 33. Qb7 Rd8
34. Rb6 a5 35. Ra6 Qd2 36. Qb6 Rc8 37. Rxa5 Bf5 38. Rc5 Rxc5 39. Qxc5 Qxb2 40.
a4 Qc2 41. Qb5 Bd3 42. Qe8+ Kh7 43. a5 Qc7 44. Qa4 Qc4 45. Qd7 Qb5 46. Be4+ f5
47. Qxd3 Qxa5 48. Bc6 Qe5 49. Be8 Qf6 50. h4 g6 51. Qd7+ Kg8 52. Qc8 Kh7 53.
Bd7 e5 54. Be6 h5 55. Qg8+ Kh6 56. Qf7 Qxf7 57. Bxf7 Kg7 58. Bd5 Kf6 59. Bf3 e4
60. Be2 Ke5 61. Kg1 f4 62. Kf2 Kf5 63. gxf4 Kxf4 64. g3+ Kf5 65. Ke3 Ke5 66.
Bd1 Kf5 67. Kd4 g5 68. hxg5 Kxg5 69. Kxe4 h4 70. g4 h3 71. Kf3 Kh4 72. Be2 1-0

[Event "DEM U16w 2004"]
[Site "Willingen GER"]
[Date "2004.05.30"]
[Round "2"]
[White "Rüdel, Anita"]
[Black "Nguyen, Hoa-My"]
[Result "0-1"]
[Termination "normal"]
[Board "12"]
[WhiteElo "1556"]
[BlackElo "1657"]
[PlyCount "60"]
[EventCountry "GER"]
[EventRounds "9"]
[EventType "swiss"]
[EventDate "2004.05.29"]

1. e4 c5 2. Nf3 d6 3. d4 cxd4 4. Nxd4 Nf6 5. Nc3 a6 6. f4 e5 7. Nf3 Nbd7 8. Be3
b5 9. Qd3 Bb7 10. Nd2 b4 11. Ne2 d5 12. exd5 Nxd5 13. fxe5 Nxe3 14. Qxe3 Qh4+
15. Ng3 Bc5 16. Qe2 O-O 17. O-O-O Rfe8 18. Nc4 Qg5+ 19. Kb1 Nxe5 20. Nxe5 Rxe5
21. Qd3 a5 22. h4 Qf6 23. h5 a4 24. Ne2 Rd5 25. Qxd5 Bxd5 26. Rxd5 a3 27. c3
Be3 28. Rb5 axb2 29. Kxb2 Qa6 30. Nc1 Qa3+ 0-1

[Event "DEM U16w 2004"]
[Site "Willingen GER"]
[Date "2004.05.30"]
[Round "2"]
[White "Herkt, Julia"]
[Black "Nischik, Natascha"]
[Result "1-0"]
[Termination "normal"]
[Board "13"]
[WhiteElo "1581"]
[BlackElo "1300"]
[PlyCount "59"]
[BlackFideId "4633849"]
[EventCountry "GER"]
[EventRounds "9"]
[EventType "swiss"]
[EventDate "2004.05.29"]

1. e4 d6 2. Nf3 Nf6 3. Nc3 g6 4. d4 Bg7 5. e5 dxe5 6. Nxe5 Nbd7 7. f4 Nxe5 8.
fxe5 Nd5 9. Bc4 e6 10. Ne4 Qh4+ 11. Ng3 Ne7 12. O-O Nc6 13. Bb5 Bd7 14. c3 Nxe5
15. Bxd7+ Nxd7 16. Qf3 O-O 17. Qxb7 Qd8 18. Qf3 Nb6 19. Ne4 Nd5 20. Ng5 Qe7 21.
Qh3 h5 22. Ne4 Nf6 23. Bg5 Rab8 24. Nxf6+ Bxf6 25. Bxf6 Qd6 26. Rf2 Rb5 27. Qh4
Re8 28. Raf1 Qd5 29. Be5 Rf8 30. Qf6 1-0

[Event "DEM U16w 2004"]
[Site "Willingen GER"]
[Date "2004.05.31"]
[Round "3"]
[White "Winkelmann, Elena"]
[Black "Stemmler, Lysan"]
[Result "1-0"]
[Termination "normal"]
[Board "1"]
[WhiteElo "1920"]
[BlackElo "1809"]
[PlyCount "73"]
[WhiteFideId "24607630"]
[BlackFideId "24622451"]
[EventCountry "GER"]
[EventRounds "9"]
[EventType "swiss"]
[EventDate "2004.05.29"]

1. e4 d6 2. d4 Nf6 3. Nc3 g6 4. Be3 Bg7 5. Qd2 c6 6. f3 b5 7. Bd3 Nbd7 8. g4 h5
9. g5 Nh7 10. f4 b4 11. Nce2 c5 12. c3 bxc3 13. bxc3 Rb8 14. Nf3 Bb7 15. O-O f6
16. Nh4 Nhf8 17. Rae1 c4 18. Bc2 d5 19. exd5 f5 20. d6 exd6 21. Ng3 Kf7 22. Bd1
Nb6 23. Qc2 Qd7 24. Bc1 Re8 25. Rxe8 Kxe8 26. Re1+ Kd8 27. a4 a5 28. Qb2 Qc6
29. Bf3 d5 30. Qe2 Qd7 31. Ba3 Rg8 32. Be7+ Kc7 33. Bc5 Nxa4 34. Qa2 Nxc5 35.
Qxa5+ Kc8 36. Qxc5+ Qc7 37. Re8+ 1-0

[Event "DEM U16w 2004"]
[Site "Willingen GER"]
[Date "2004.05.31"]
[Round "3"]
[White "Reiske, Anne"]
[Black "Butschek, Tanja"]
[Result "0-1"]
[Termination "normal"]
[Board "2"]
[WhiteElo "1842"]
[BlackElo "1748"]
[PlyCount "100"]
[WhiteFideId "24635472"]
[BlackFideId "24604640"]
[EventCountry "GER"]
[EventRounds "9"]
[EventType "swiss"]
[EventDate "2004.05.29"]

1. e4 c6 2. d3 d5 3. Nd2 dxe4 4. dxe4 Nd7 5. Ngf3 Ngf6 6. g3 g6 7. Bg2 Bg7 8.
O-O O-O 9. Qe2 Qc7 10. Re1 Ne5 11. Nxe5 Qxe5 12. Nc4 Qh5 13. Qxh5 Nxh5 14. c3
b6 15. Be3 Ba6 16. Bf1 Nf6 17. Bf4 Rad8 18. f3 Nd7 19. Nxb6 Bxf1 20. Nxd7 Rxd7
21. Kxf1 Rb7 22. Rab1 h6 23. Rec1 g5 24. Be3 a5 25. Ke2 Rfb8 26. Rc2 a4 27. Bc5
e6 28. Ba3 Rb5 29. Bd6 R8b7 30. Ba3 Bf8 31. Bxf8 Kxf8 32. Rd2 Ke7 33. Kd1 c5
34. Kc2 c4 35. a3 Rd7 36. Rxd7+ Kxd7 37. Rd1+ Ke7 38. Rd4 Rc5 39. Kd2 e5 40.
Rd5 Rxd5+ 41. exd5 Kd6 42. g4 Kxd5 43. Ke3 Kd6 44. Kd2 Ke6 45. Ke2 f5 46. Ke3
Kf6 47. h3 Ke6 48. gxf5+ Kxf5 49. Ke2 Kf4 50. Kf2 h5 0-1

[Event "DEM U16w 2004"]
[Site "Willingen GER"]
[Date "2004.05.31"]
[Round "3"]
[White "Albano Jeremias, Bianca"]
[Black "Hoolt, Sarah"]
[Result "0-1"]
[Termination "normal"]
[Board "3"]
[WhiteElo "1694"]
[BlackElo "2074"]
[PlyCount "110"]
[WhiteFideId "24634247"]
[BlackFideId "24606812"]
[EventCountry "GER"]
[EventRounds "9"]
[EventType "swiss"]
[EventDate "2004.05.29"]

1. e4 c5 2. Nf3 Nc6 3. d4 cxd4 4. Nxd4 g6 5. Nc3 Bg7 6. Nb3 Nf6 7. Be2 O-O 8.
O-O a5 9. a4 d5 10. exd5 Nb4 11. Bf3 Bf5 12. Nd4 Qc8 13. Bg5 Rd8 14. Bxf6 Bxf6
15. Nxf5 Qxf5 16. Be4 Qd7 17. Qf3 Ra6 18. Rad1 Bxc3 19. bxc3 Rf6 20. Qe2 Na6
21. Bd3 Nc7 22. c4 Na6 23. Rfe1 Kf8 24. Qd2 Nb4 25. Ra1 Rd6 26. Qh6+ Kg8 27.
Re3 e6 28. Rh3 f5 29. dxe6 Rxe6 30. c5 Qg7 31. Qxg7+ Kxg7 32. Kf1 Rc6 33. Re1
Nd5 34. Bb5 Rxc5 35. c4 Nf4 36. Rhe3 Rd2 37. g3 Nd3 38. R1e2 Rd1+ 39. Kg2 f4
40. Re7+ Kh6 41. g4 Kg5 42. f3 h5 43. h3 hxg4 44. hxg4 Rc8 45. Re8 Rc7 46. Rh8
Nc1 47. Rc2 Re7 48. Rh1 Rxh1 49. Kxh1 Nd3 50. c5 Ne1 51. Rf2 Re3 52. Be2 Ra3
53. Rf1 Nc2 54. Bd1 Ne3 55. Re1 Ra1 0-1

[Event "DEM U16w 2004"]
[Site "Willingen GER"]
[Date "2004.05.31"]
[Round "3"]
[White "Hofmann, Annett"]
[Black "Chin, Karin"]
[Result "1-0"]
[Termination "normal"]
[Board "4"]
[WhiteElo "1992"]
[BlackElo "1864"]
[PlyCount "123"]
[WhiteFideId "24603759"]
[BlackFideId "24608157"]
[EventCountry "GER"]
[EventRounds "9"]
[EventType "swiss"]
[EventDate "2004.05.29"]

1. e4 c5 2. Nf3 Nc6 3. d4 cxd4 4. Nxd4 g6 5. Nc3 Bg7 6. Be3 Nf6 7. Bc4 O-O 8.
Bb3 d6 9. f3 Nd7 10. Qd2 Na5 11. O-O-O Nb6 12. Qd3 Bd7 13. Nd5 Nxb3+ 14. Nxb3
Nxd5 15. exd5 Rc8 16. g4 Qc7 17. Rhe1 e5 18. dxe6 fxe6 19. f4 b6 20. Rd2 d5 21.
Nd4 Qc4 22. Kb1 Rc7 23. h3 Bh6 24. g5 Bg7 25. h4 Qxd3 26. Rxd3 e5 27. fxe5 Bxe5
28. Bg1 Bxd4 29. Bxd4 Bf5 30. Rd2 Rfc8 31. Bc3 Be4 32. Rf1 Rf8 33. Bf6 Rfc8 34.
Rff2 Bf5 35. Rfe2 Kf7 36. Kc1 Be4 37. c3 a6 38. Rf2 Kg8 39. Bd4 b5 40. Rf6 Rc6
41. Rdf2 Bf5 42. h5 b4 43. hxg6 hxg6 44. Kd2 bxc3+ 45. bxc3 Rxf6 46. gxf6 Rb8
47. Ke3 Re8+ 48. Kf3 Rb8 49. Kf4 Rb7 50. Ke5 Rd7 51. Rb2 Kf7 52. Rh2 Kg8 53.
Rb2 Kf7 54. Rb6 Bd3 55. Bc5 g5 56. Rb8 Bf1 57. Rf8+ Kg6 58. Rg8+ Kh5 59. Rg7
Rd8 60. f7 d4 61. cxd4 Bc4 62. f8=Q 1-0

[Event "DEM U16w 2004"]
[Site "Willingen GER"]
[Date "2004.05.31"]
[Round "3"]
[White "Dauer, Christina"]
[Black "Ohme, Melanie"]
[Result "0-1"]
[Termination "normal"]
[Board "5"]
[WhiteElo "1563"]
[BlackElo "2000"]
[PlyCount "114"]
[WhiteFideId "24609781"]
[BlackFideId "4690745"]
[EventCountry "GER"]
[EventRounds "9"]
[EventType "swiss"]
[EventDate "2004.05.29"]

1. e4 c5 2. Nc3 Nc6 3. g3 g6 4. Bg2 Bg7 5. d3 e6 6. Be3 d6 7. Qd2 Rb8 8. Nf3
Nd4 9. Nh4 Qa5 10. O-O Ne7 11. Kh1 b5 12. a3 Nec6 13. f4 b4 14. axb4 Qxb4 15.
Rab1 O-O 16. f5 Ne5 17. f6 Bh8 18. Bh6 Re8 19. h3 Bd7 20. Qf2 Ba4 21. Nxa4 Qxa4
22. b3 Qa2 23. c3 Qxf2 24. Rxf2 Nb5 25. c4 Nd4 26. Bf1 Rxb3 27. Rxb3 Nxb3 28.
Rb2 Rb8 29. Be2 Rb7 30. Bg5 Nd7 31. Bd1 Na5 32. Ra2 Nc6 33. Ba4 Nb4 34. Rb2
Bxf6 35. Bxf6 Nxf6 36. Nf3 Rb6 37. e5 dxe5 38. Nxe5 Rd6 39. Rf2 Kg7 40. Rf3 Ra6
41. Bd1 Ra2 42. g4 h6 43. h4 g5 44. h5 a5 45. Kg1 a4 46. Rf1 Ra1 47. Bxa4 Rxa4
48. Rb1 Nxd3 49. Nxd3 Rxc4 50. Rb7 Rxg4+ 51. Kf2 c4 52. Ne5 Rf4+ 53. Kg2 Nxh5
54. Rc7 c3 55. Rxc3 Re4 56. Nf3 Nf4+ 57. Kf2 g4 0-1

[Event "DEM U16w 2004"]
[Site "Willingen GER"]
[Date "2004.05.31"]
[Round "3"]
[White "Nuber, Helene"]
[Black "Herkt, Julia"]
[Result "1/2-1/2"]
[Termination "normal"]
[Board "6"]
[WhiteElo "2065"]
[BlackElo "1581"]
[PlyCount "91"]
[WhiteFideId "24613045"]
[EventCountry "GER"]
[EventRounds "9"]
[EventType "swiss"]
[EventDate "2004.05.29"]

1. e4 c5 2. Nc3 e6 3. g3 d5 4. Bg2 d4 5. Nce2 e5 6. f4 f6 7. Nf3 Nc6 8. d3 Bd6
9. c3 Be6 10. h3 Nge7 11. Bd2 a5 12. fxe5 Bxe5 13. Bf4 O-O 14. Bxe5 Nxe5 15.
cxd4 Nxf3+ 16. Bxf3 cxd4 17. Nf4 Qb6 18. Nxe6 Qxe6 19. Qb3 Qxb3 20. axb3 Nc6
21. Kd2 Ne5 22. Bg2 b6 23. Ra4 Rfd8 24. Rc1 Ra7 25. b4 Rd6 26. bxa5 bxa5 27. b4
Rc6 28. Rxa5 Rxc1 29. Kxc1 Rb7 30. b5 Nxd3+ 31. Kd2 Nc5 32. e5 Nb3+ 33. Kd3
Nxa5 34. Bxb7 Nxb7 35. exf6 gxf6 36. Kxd4 Kf7 37. Kd5 Ke7 38. Kc6 Nd6 39. b6
Ke6 40. b7 Nxb7 41. Kxb7 h5 42. Kc6 f5 43. h4 Ke5 44. Kc5 Ke4 45. Kd6 Kf3 46.
Ke6 1/2-1/2

[Event "DEM U16w 2004"]
[Site "Willingen GER"]
[Date "2004.05.31"]
[Round "3"]
[White "Nguyen, Hoa-My"]
[Black "Großmann, Susan"]
[Result "0-1"]
[Termination "normal"]
[Board "7"]
[WhiteElo "1657"]
[BlackElo "1977"]
[PlyCount "60"]
[BlackFideId "24608220"]
[EventCountry "GER"]
[EventRounds "9"]
[EventType "swiss"]
[EventDate "2004.05.29"]

1. e4 d6 2. d4 Nf6 3. Nc3 g6 4. f4 Bg7 5. Nf3 c5 6. dxc5 Qa5 7. Bd3 Qxc5 8. Qe2
O-O 9. Be3 Qa5 10. O-O Bg4 11. Qe1 Nc6 12. a3 Bxf3 13. Rxf3 Ng4 14. Kh1 Nxe3
15. Rxe3 Bxc3 16. bxc3 Kg7 17. Rh3 h5 18. f5 Ne5 19. Be2 Ng4 20. Qh4 Nf6 21.
Rf1 Qe5 22. Bf3 Rac8 23. g4 Rh8 24. g5 Nd7 25. Qf2 Rxc3 26. Qxa7 Rxc2 27. Qxb7
Rb8 28. Qxd7 Rbb2 29. f6+ exf6 30. gxf6+ Kh6 0-1

[Event "DEM U16w 2004"]
[Site "Willingen GER"]
[Date "2004.05.31"]
[Round "3"]
[White "Popovic, Nathalie"]
[Black "Opaska, Ines"]
[Result "0-1"]
[Termination "normal"]
[Board "8"]
[WhiteElo "1497"]
[BlackElo "1692"]
[PlyCount "90"]
[WhiteFideId "24630292"]
[EventCountry "GER"]
[EventRounds "9"]
[EventType "swiss"]
[EventDate "2004.05.29"]

1. d4 f5 2. e4 fxe4 3. Nc3 Nf6 4. Bg5 d5 5. Bxf6 exf6 6. Qh5+ g6 7. Qxd5 Qe7 8.
Qxe4 Qxe4+ 9. Nxe4 Bg7 10. Bc4 f5 11. Ng5 Bxd4 12. O-O-O Bxf2 13. N1f3 Nc6 14.
Rhf1 Be3+ 15. Kb1 Bxg5 16. Nxg5 h6 17. Rfe1+ Kf8 18. Nf7 Rh7 19. Ne5 Nxe5 20.
Rxe5 Bd7 21. Bd5 c6 22. Bc4 Re8 23. Ra5 a6 24. Ra3 Rhe7 25. Rad3 b5 26. Bb3 Be6
27. Bxe6 Rxe6 28. Kc1 c5 29. Rd6 Kf7 30. Rd7+ R8e7 31. R7d5 c4 32. R5d2 Re2 33.
Rxe2 Rxe2 34. Rd2 Rxd2 35. Kxd2 Ke6 36. Ke3 Ke5 37. g3 g5 38. Kf3 h5 39. Ke3 h4
40. b3 cxb3 41. cxb3 hxg3 42. hxg3 f4+ 43. gxf4+ gxf4+ 44. Kd3 Kd5 45. a3 a5
0-1

[Event "DEM U16w 2004"]
[Site "Willingen GER"]
[Date "2004.05.31"]
[Round "3"]
[White "Rath, Alina"]
[Black "Neldner, Uta"]
[Result "1/2-1/2"]
[Termination "normal"]
[Board "9"]
[WhiteElo "1685"]
[BlackElo "1683"]
[PlyCount "28"]
[WhiteFideId "24607886"]
[BlackFideId "24604070"]
[EventCountry "GER"]
[EventRounds "9"]
[EventType "swiss"]
[EventDate "2004.05.29"]

1. d4 d5 2. e3 e6 3. Bd3 f5 4. f4 Nf6 5. Nf3 Be7 6. O-O O-O 7. Nbd2 Ne4 8. Ne5
Nd7 9. Ndf3 Qe8 10. c4 c6 11. b3 Ndf6 12. Bb2 Kh8 13. Qe1 Bd7 14. Kh1 Rd8
1/2-1/2

[Event "DEM U16w 2004"]
[Site "Willingen GER"]
[Date "2004.05.31"]
[Round "3"]
[White "Tischer, Jana"]
[Black "Imas, Denisa"]
[Result "1-0"]
[Termination "normal"]
[Board "10"]
[WhiteElo "1721"]
[BlackElo "1063"]
[PlyCount "59"]
[WhiteFideId "24617164"]
[EventCountry "GER"]
[EventRounds "9"]
[EventType "swiss"]
[EventDate "2004.05.29"]

1. e4 e6 2. d4 d5 3. Nc3 Bb4 4. e5 c5 5. a3 Bxc3+ 6. bxc3 Qa5 7. Bd2 Qa4 8. Qb1
Bd7 9. Qxb7 Qc6 10. Qxc6 Nxc6 11. Nf3 f6 12. Be2 fxe5 13. Nxe5 Nxe5 14. dxe5
Ne7 15. O-O O-O 16. Rab1 Rab8 17. Be3 Nc6 18. Bxc5 Rf5 19. Rxb8+ Nxb8 20. Bd6
Nc6 21. Bd3 Rg5 22. Rb1 Be8 23. f4 Rg4 24. g3 Bg6 25. Be2 Bxc2 26. Rb2 Rg6 27.
Rxc2 d4 28. cxd4 Nxd4 29. Rc8+ Kf7 30. Rf8# 1-0

[Event "DEM U16w 2004"]
[Site "Willingen GER"]
[Date "2004.05.31"]
[Round "3"]
[White "Götze, Nadja"]
[Black "Gasch, Franziska"]
[Result "0-1"]
[Termination "normal"]
[Board "11"]
[WhiteElo "1435"]
[BlackElo "1656"]
[PlyCount "96"]
[BlackFideId "24632139"]
[EventCountry "GER"]
[EventRounds "9"]
[EventType "swiss"]
[EventDate "2004.05.29"]

1. e4 d5 2. exd5 Nf6 3. d4 Nxd5 4. Be2 g6 5. Nf3 Bg7 6. c3 O-O 7. O-O Nc6 8.
Be3 Bg4 9. Nbd2 a6 10. h3 Bf5 11. Nh2 e5 12. Ndf3 Nxe3 13. fxe3 Bh6 14. dxe5
Bxe3+ 15. Kh1 Re8 16. Qb3 Bb6 17. Rad1 Qe7 18. Rfe1 Be6 19. Qa4 Bf2 20. Rf1 Bg3
21. Ng4 Bxg4 22. Qxg4 Bxe5 23. Rd7 Qe6 24. Qxe6 Rxe6 25. Ng5 Rf6 26. Rxf7 Rxf7
27. Nxf7 Kg7 28. Ng5 h6 29. Ne6+ Kh8 30. Bd3 Ne7 31. g4 Re8 32. h4 Bd6 33. h5
Nd5 34. Nd4 gxh5 35. gxh5 Nf4 36. Bg6 Re5 37. Nf3 Re2 38. Re1 Rxe1+ 39. Nxe1
Nxg6 40. hxg6 Kg7 41. Kg2 Kxg6 42. Nf3 Kf5 43. Kf2 Kf4 44. Nd2 Bc5+ 45. Ke2 h5
46. Nf3 Kg3 47. Ne1 h4 48. Kf1 h3 0-1

[Event "DEM U16w 2004"]
[Site "Willingen GER"]
[Date "2004.05.31"]
[Round "3"]
[White "Tovmasian, Nelli"]
[Black "Janiesch, Maike"]
[Result "1-0"]
[Termination "normal"]
[Board "12"]
[WhiteElo "1612"]
[BlackElo "1361"]
[PlyCount "109"]
[WhiteFideId "24611735"]
[EventCountry "GER"]
[EventRounds "9"]
[EventType "swiss"]
[EventDate "2004.05.29"]

1. Nf3 d5 2. g3 e6 3. Bg2 Nf6 4. O-O Be7 5. d3 c5 6. c4 O-O 7. Nc3 Nc6 8. Rb1
a6 9. a3 Rb8 10. Bd2 b5 11. cxb5 axb5 12. Na2 c4 13. Ne1 Bd7 14. Nc2 Rb7 15.
Nab4 Qa8 16. Re1 Bc5 17. Nxc6 Bxc6 18. Bb4 Nd7 19. d4 Bxb4 20. Nxb4 Rc7 21. Rc1
Nb8 22. e4 Na6 23. Nxc6 Qxc6 24. exd5 exd5 25. Qf3 Rd7 26. Re5 Nc7 27. Rce1 Qb6
28. Bh3 Rd6 29. Qe3 g6 30. Re7 Rdd8 31. Qe5 Ne8 32. Bg2 Nf6 33. Qf4 Rd6 34. Bf3
Re6 35. R1xe6 fxe6 36. Qe5 Rf7 37. Rxe6 Qd8 38. Rd6 Qf8 39. Bxd5 Nxd5 40. Qxd5
Kg7 41. Qe5+ Kg8 42. Qe6 Kg7 43. Rd7 h6 44. Qxf7+ Qxf7 45. Rxf7+ Kxf7 46. Kg2
Ke6 47. Kf3 Kd5 48. Ke3 g5 49. f4 gxf4+ 50. gxf4 Ke6 51. Ke4 Kf6 52. d5 h5 53.
h4 Ke7 54. f5 Kd6 55. f6 1-0

[Event "DEM U16w 2004"]
[Site "Willingen GER"]
[Date "2004.05.31"]
[Round "3"]
[White "Donner, Lioba"]
[Black "Rüdel, Anita"]
[Result "1/2-1/2"]
[Termination "normal"]
[Board "13"]
[WhiteElo "1524"]
[BlackElo "1556"]
[PlyCount "48"]
[EventCountry "GER"]
[EventRounds "9"]
[EventType "swiss"]
[EventDate "2004.05.29"]

1. d4 e6 2. c4 d5 3. e3 Nf6 4. Nc3 Be7 5. cxd5 exd5 6. Qc2 O-O 7. Bd3 Nbd7 8.
Nf3 Re8 9. O-O Nf8 10. Re1 c6 11. Rb1 Be6 12. b4 a6 13. a4 b5 14. Ne5 Bd7 15.
Ne2 Qb6 16. Bd2 Rec8 17. Ng3 Rc7 18. Nf5 Be8 19. Rec1 Rac8 20. Nxe7+ Rxe7 21.
axb5 axb5 22. Rb3 Rec7 23. Rc3 Qb7 24. Bf5 Ne6 1/2-1/2

[Event "DEM U16w 2004"]
[Site "Willingen GER"]
[Date "2004.06.01"]
[Round "4"]
[White "Butschek, Tanja"]
[Black "Winkelmann, Elena"]
[Result "1-0"]
[Termination "normal"]
[Board "1"]
[WhiteElo "1748"]
[BlackElo "1920"]
[PlyCount "79"]
[WhiteFideId "24604640"]
[BlackFideId "24607630"]
[EventCountry "GER"]
[EventRounds "9"]
[EventType "swiss"]
[EventDate "2004.05.29"]

1. e4 c5 2. Nf3 a6 3. c3 e6 4. g3 b6 5. Bg2 Bb7 6. Qe2 d6 7. O-O Nd7 8. d4 Be7
9. b3 h5 10. h4 Ngf6 11. Ng5 cxd4 12. cxd4 d5 13. e5 Ng4 14. Bh3 Qc7 15. f4 g6
16. Bxg4 hxg4 17. Bb2 Bc6 18. Rc1 Qb7 19. Qxg4 Bxg5 20. Qxg5 Rh5 21. Qg4 O-O-O
22. Nd2 Kb8 23. Rc2 b5 24. Rac1 Rc8 25. Nf3 Nb6 26. Ba3 a5 27. Bd6+ Ka8 28. Ng5
Be8 29. Rc7 Qa6 30. Qd1 Rh8 31. R1c2 Rxc7 32. Rxc7 Nc8 33. Qc2 Nxd6 34. exd6
Qxd6 35. Rc8+ Kb7 36. Nxf7 Qd7 37. Rd8 Qc7 38. Nd6+ Kb6 39. Qxc7+ Kxc7 40. Rxe8
1-0

[Event "DEM U16w 2004"]
[Site "Willingen GER"]
[Date "2004.06.01"]
[Round "4"]
[White "Hoolt, Sarah"]
[Black "Hofmann, Annett"]
[Result "0-1"]
[Termination "normal"]
[Board "2"]
[WhiteElo "2074"]
[BlackElo "1992"]
[PlyCount "68"]
[WhiteFideId "24606812"]
[BlackFideId "24603759"]
[EventCountry "GER"]
[EventRounds "9"]
[EventType "swiss"]
[EventDate "2004.05.29"]

1. e4 c5 2. Nf3 d6 3. d4 cxd4 4. Nxd4 Nf6 5. Nc3 a6 6. Be2 e6 7. g4 h6 8. h4
Qc7 9. Rg1 g6 10. Be3 b5 11. Bf3 Bb7 12. g5 hxg5 13. hxg5 Nfd7 14. Bg2 b4 15.
Nce2 Ne5 16. f4 Nc4 17. Bc1 Nd7 18. Ng3 Nc5 19. f5 d5 20. Qg4 Ne5 21. Qe2 Ned3+
22. cxd3 Qxg3+ 23. Kf1 O-O-O 24. Be3 dxe4 25. dxe4 exf5 26. Rc1 Kb8 27. Qc4
Qxe3 28. Nb3 Qd3+ 29. Qxd3 Nxd3 30. Rc2 fxe4 31. Na5 Rh4 32. Ke2 Nf4+ 33. Ke1
Nd3+ 34. Ke2 Rg4 0-1

[Event "DEM U16w 2004"]
[Site "Willingen GER"]
[Date "2004.06.01"]
[Round "4"]
[White "Ohme, Melanie"]
[Black "Reiske, Anne"]
[Result "1-0"]
[Termination "normal"]
[Board "3"]
[WhiteElo "2000"]
[BlackElo "1842"]
[PlyCount "57"]
[WhiteFideId "4690745"]
[BlackFideId "24635472"]
[EventCountry "GER"]
[EventRounds "9"]
[EventType "swiss"]
[EventDate "2004.05.29"]

1. e4 e5 2. Bc4 Nf6 3. d3 Nc6 4. Nf3 Be7 5. O-O O-O 6. c3 d5 7. exd5 Nxd5 8.
Re1 Bg4 9. h3 Bh5 10. Bb5 f6 11. Bxc6 bxc6 12. g4 Bf7 13. d4 exd4 14. Nxd4 Qd7
15. Qa4 Be8 16. Ne6 Rf7 17. Nd2 Bd6 18. Nf3 Re7 19. Ned4 Rxe1+ 20. Nxe1 Nb6 21.
Qc2 Bg6 22. Qd2 Re8 23. b3 h5 24. f3 Bg3 25. Ba3 Qd5 26. Nd3 Bxd3 27. Qxd3 Bf4
28. Qg6 Qe5 29. Nf5 1-0

[Event "DEM U16w 2004"]
[Site "Willingen GER"]
[Date "2004.06.01"]
[Round "4"]
[White "Großmann, Susan"]
[Black "Stemmler, Lysan"]
[Result "1-0"]
[Termination "normal"]
[Board "4"]
[WhiteElo "1977"]
[BlackElo "1809"]
[PlyCount "57"]
[WhiteFideId "24608220"]
[BlackFideId "24622451"]
[EventCountry "GER"]
[EventRounds "9"]
[EventType "swiss"]
[EventDate "2004.05.29"]

1. e4 d6 2. d4 Nf6 3. Bd3 g6 4. Nf3 Bg7 5. O-O O-O 6. Re1 c5 7. d5 Bg4 8. h3
Bxf3 9. Qxf3 Nbd7 10. Bf1 Ne5 11. Qb3 Qc7 12. c4 a6 13. f4 Ned7 14. Nc3 Nh5 15.
Ne2 Qb6 16. Qxb6 Nxb6 17. g4 Nf6 18. Ng3 Rab8 19. a4 Na8 20. Bd2 Nc7 21. e5
dxe5 22. fxe5 Nfe8 23. a5 b6 24. axb6 Rxb6 25. Bc3 f6 26. Ne4 fxe5 27. Nxc5 Rf4
28. Bxe5 Kf7 29. Bxf4 1-0

[Event "DEM U16w 2004"]
[Site "Willingen GER"]
[Date "2004.06.01"]
[Round "4"]
[White "Opaska, Ines"]
[Black "Nuber, Helene"]
[Result "1-0"]
[Termination "normal"]
[Board "5"]
[WhiteElo "1692"]
[BlackElo "2065"]
[PlyCount "97"]
[BlackFideId "24613045"]
[EventCountry "GER"]
[EventRounds "9"]
[EventType "swiss"]
[EventDate "2004.05.29"]

1. f4 g6 2. Nf3 Bg7 3. c4 e6 4. Nc3 Ne7 5. e4 d5 6. cxd5 exd5 7. e5 a6 8. d4
Nbc6 9. a3 Bg4 10. Be3 Nf5 11. Bf2 Bxf3 12. gxf3 Bh6 13. Ne2 Nh4 14. Qd3 Qe7
15. Bh3 Nd8 16. f5 Nxf5 17. Bxf5 gxf5 18. Qxf5 Qe6 19. Qxe6+ Nxe6 20. h4 Ke7
21. h5 Rhg8 22. Bh4+ Bg5 23. Bxg5+ Rxg5 24. O-O-O Rf5 25. Rd3 Rg8 26. Rh4 Rgg5
27. f4 Rxh5 28. Ng3 Nxf4 29. Rxf4 Rxf4 30. Nxh5 Rf1+ 31. Kc2 Rf2+ 32. Kc3 Rh2
33. Nf4 c6 34. Rh3 Rxh3+ 35. Nxh3 h5 36. Kd3 f6 37. Nf4 h4 38. Ng6+ Kf7 39.
Nxh4 fxe5 40. dxe5 a5 41. Kd4 b6 42. Nf3 a4 43. Kc3 c5 44. b3 axb3 45. Kxb3 b5
46. a4 c4+ 47. Kb4 bxa4 48. Kxa4 Ke6 49. Kb4 1-0